[Event "Aleksandria Cup"]
[Site "?"]
[Date "2015.07.16"]
[Round "5.12"]
[White "Poghosyan, Suren"]
[Black "Azaladze, Shota"]
[Result "0-1"]
[LiveChessVersion "1.3.1"]
[BlackElo "2488"]
[WhiteElo "2273"]

1. d4 {[%clk 1:30:45]} Nf6 {[%clk 1:29:42]} 2. c4 {[%clk 1:30:47]} g6
{[%clk 1:29:37]} 3. Nc3 {[%clk 1:31:08]} c5 {[%clk 1:30:00]} 4. e3
{[%clk 1:31:14]} Bg7 {[%clk 1:30:22]} 5. Nf3 {[%clk 1:31:34]} O-O
{[%clk 1:30:40]} 6. Be2 {[%clk 1:31:22]} cxd4 {[%clk 1:25:03]} 7. exd4
{[%clk 1:31:46]} d5 {[%clk 1:25:29]} 8. O-O {[%clk 1:32:00]} Nc6 {[%clk 1:25:16]}
9. h3 {[%clk 1:27:43]} dxc4 {[%clk 1:24:52]} 10. Bxc4 {[%clk 1:28:03]} Na5
{[%clk 1:25:00]} 11. Be2 {[%clk 1:27:23]} Be6 {[%clk 1:25:16]} 12. Ne5
{[%clk 1:21:58]} Nc6 {[%clk 1:18:04]} 13. Nxc6 {[%clk 1:18:01]} bxc6
{[%clk 1:11:19]} 14. Na4 {[%clk 1:14:09]} Bd5 {[%clk 1:03:27]} 15. Bf4
{[%clk 1:10:43]} Nd7 {[%clk 1:03:48]} 16. Re1 {[%clk 1:09:50]} Re8
{[%clk 1:01:34]} 17. Bg4 {[%clk 0:48:36]} e6 {[%clk 0:58:55]} 18. Qd2
{[%clk 0:43:33]} Nb6 {[%clk 0:54:52]} 19. Nc5 {[%clk 0:43:06]} Nc4
{[%clk 0:55:05]} 20. Qc3 {[%clk 0:43:22]} Qb6 {[%clk 0:55:05]} 21. Rab1
{[%clk 0:28:43]} e5 {[%clk 0:44:38]} 22. Bxe5 {[%clk 0:03:01]} Rxe5
{[%clk 0:42:56]} 23. Rxe5 {[%clk 0:02:00]} Bxe5 {[%clk 0:43:15]} 24. dxe5
{[%clk 0:02:22]} Qxc5 {[%clk 0:43:38]} 25. e6 {[%clk 0:00:59]} Qd6
{[%clk 0:37:58]} 26. Rd1 {[%clk 0:01:09]} Ne5 {[%clk 0:37:22]} 27. f4
{[%clk 0:00:54]} Nxg4 {[%clk 0:37:19]} 28. exf7+ {[%clk 0:01:18]} Kxf7
{[%clk 0:37:41]} 29. hxg4 {[%clk 0:01:42]} Re8 {[%clk 0:37:52]} 30. Qh3
{[%clk 0:01:23]} Kg8 {[%clk 0:38:10]} 31. f5 {[%clk 0:01:45]} Re2
{[%clk 0:37:40]} 32. fxg6 {[%clk 0:01:47]} hxg6 {[%clk 0:37:43]} 0-1

[Event "Aleksandria Cup"]
[Site "?"]
[Date "2015.07.16"]
[Round "5.14"]
[White "Patsia, Zviad"]
[Black "Benidze, Davit"]
[Result "1/2-1/2"]
[LiveChessVersion "1.3.1"]
[BlackElo "2465"]
[WhiteElo "2231"]

1. e4 {[%clk 1:30:58]} c5 {[%clk 1:23:45]} 2. Nf3 {[%clk 1:31:23]} g6
{[%clk 1:24:03]} 3. d4 {[%clk 1:31:48]} cxd4 {[%clk 1:24:30]} 4. Nxd4
{[%clk 1:32:15]} Bg7 {[%clk 1:24:55]} 5. Nc3 {[%clk 1:32:24]} Nc6
{[%clk 1:25:20]} 6. Be3 {[%clk 1:32:22]} Nf6 {[%clk 1:25:42]} 7. f3
{[%clk 1:32:36]} O-O {[%clk 1:25:59]} 8. Bc4 {[%clk 1:32:31]} Qb6
{[%clk 1:25:36]} 9. Bb3 {[%clk 0:46:25]} Nxe4 {[%clk 1:11:09]} 10. Nd5
{[%clk 0:44:57]} Qa5+ {[%clk 1:11:12]} 11. c3 {[%clk 0:45:11]} Bxd4
{[%clk 1:11:07]} 12. Bxd4 {[%clk 0:44:33]} Nc5 {[%clk 1:10:34]} 13. Bc4
{[%clk 0:43:22]} Ne6 {[%clk 1:07:22]} 14. Be3 {[%clk 0:40:32]} Ng7
{[%clk 1:00:09]} 15. g4 {[%clk 0:37:08]} e6 {[%clk 0:57:21]} 16. Nf6+
{[%clk 0:34:22]} Kh8 {[%clk 0:56:11]} 17. Qd6 {[%clk 0:34:45]} Rd8
{[%clk 0:55:57]} 18. Bc5 {[%clk 0:34:03]} b6 {[%clk 0:55:39]} 19. b4
{[%clk 0:34:20]} Qa3 {[%clk 0:56:06]} 20. Bd4 {[%clk 0:22:34]} Ba6
{[%clk 0:47:02]} 21. Bxa6 {[%clk 0:16:22]} Qxa6 {[%clk 0:46:13]} 22. h4
{[%clk 0:15:39]} Qd3 {[%clk 0:38:21]} 23. Ne8 {[%clk 0:16:02]} Kg8
{[%clk 0:38:03]} 24. Nf6+ {[%clk 0:14:21]} Kh8 {[%clk 0:38:31]} 25. Ne8
{[%clk 0:01:31]} Kg8 {[%clk 0:32:32]} 26. Nf6+ {[%clk 0:01:58]} Kh8 1/2-1/2

[Event "Aleksandria Cup"]
[Site "?"]
[Date "2015.07.16"]
[Round "5.15"]
[White "Mkrtchyan, Sargis R."]
[Black "Harutjunyan, Gevorg"]
[Result "0-1"]
[LiveChessVersion "1.3.1"]
[BlackElo "2449"]
[WhiteElo "2072"]

1. d4 {[%clk 1:30:56]} Nf6 {[%clk 1:30:36]} 2. g3 {[%clk 1:31:16]} d5
{[%clk 1:25:59]} 3. Bg2 {[%clk 1:31:06]} g6 {[%clk 1:25:48]} 4. c4
{[%clk 1:29:49]} dxc4 {[%clk 1:22:42]} 5. e4 {[%clk 1:19:14]} Bg7
{[%clk 1:21:24]} 6. Ne2 {[%clk 1:18:57]} a6 {[%clk 1:17:30]} 7. a4
{[%clk 1:17:04]} Nc6 {[%clk 1:15:02]} 8. a5 {[%clk 1:11:26]} O-O {[%clk 1:13:34]}
9. b3 {[%clk 1:04:48]} Nxd4 {[%clk 1:04:39]} 10. Qxd4 {[%clk 0:56:16]} Nd7
{[%clk 1:03:22]} 11. Qxg7+ {[%clk 0:51:21]} Kxg7 {[%clk 1:03:38]} 12. Bb2+
{[%clk 0:51:48]} f6 {[%clk 1:03:08]} 13. bxc4 {[%clk 0:51:30]} Ne5
{[%clk 1:03:09]} 14. O-O {[%clk 0:51:53]} Nxc4 {[%clk 1:03:15]} 15. Bc3
{[%clk 0:52:00]} e5 {[%clk 1:03:03]} 16. Bb4 {[%clk 0:51:48]} Rf7
{[%clk 1:03:05]} 17. Nbc3 {[%clk 0:52:06]} Be6 {[%clk 1:03:01]} 0-1

[Event "Aleksandria Cup"]
[Site "?"]
[Date "2015.07.16"]
[Round "5.16"]
[White "Petrosyan, Manuel"]
[Black "Pirverdiyev, Agil"]
[Result "1-0"]
[LiveChessVersion "1.3.1"]
[BlackElo "2313"]
[WhiteElo "2449"]

1. Nf3 {[%clk 1:30:56]} d5 {[%clk 1:30:35]} 2. d4 {[%clk 1:30:59]} Nf6
{[%clk 1:30:57]} 3. c4 {[%clk 1:31:05]} e6 {[%clk 1:29:59]} 4. Nc3
{[%clk 1:31:13]} Be7 {[%clk 1:28:50]} 5. Bg5 {[%clk 1:31:16]} O-O
{[%clk 1:28:23]} 6. e3 {[%clk 1:31:36]} b6 {[%clk 1:16:47]} 7. cxd5
{[%clk 1:30:19]} Nxd5 {[%clk 1:16:07]} 8. Nxd5 {[%clk 1:25:34]} exd5
{[%clk 1:16:20]} 9. Bxe7 {[%clk 1:25:57]} Qxe7 {[%clk 1:16:46]} 10. Be2
{[%clk 1:25:54]} Bb7 {[%clk 1:13:18]} 11. O-O {[%clk 1:26:02]} c5
{[%clk 1:13:34]} 12. dxc5 {[%clk 1:18:46]} bxc5 {[%clk 1:13:59]} 13. Rc1
{[%clk 1:19:09]} Nd7 {[%clk 1:13:47]} 14. Qb3 {[%clk 1:16:20]} Bc6
{[%clk 0:56:41]} 15. Qa3 {[%clk 1:13:43]} a5 {[%clk 0:56:00]} 16. Nd4
{[%clk 1:11:54]} Bb7 {[%clk 0:56:10]} 17. Nb3 {[%clk 0:55:56]} Rfc8
{[%clk 0:52:24]} 18. Bg4 {[%clk 0:55:11]} a4 {[%clk 0:51:22]} 19. Nd4
{[%clk 0:55:19]} Ra5 {[%clk 0:50:02]} 20. Bxd7 {[%clk 0:55:26]} Qxd7
{[%clk 0:50:17]} 21. Nb3 {[%clk 0:49:19]} axb3 {[%clk 0:35:07]} 22. Qxa5
{[%clk 0:49:20]} d4 {[%clk 0:20:54]} 23. Rxc5 {[%clk 0:32:48]} bxa2
{[%clk 0:21:11]} 24. Rxc8+ {[%clk 0:27:04]} Qxc8 {[%clk 0:21:35]} 25. h3
{[%clk 0:19:09]} d3 {[%clk 0:10:57]} 26. Qxa2 {[%clk 0:16:16]} Qc6
{[%clk 0:11:22]} 27. f3 {[%clk 0:16:09]} Qc5 {[%clk 0:10:42]} 28. b4
{[%clk 0:15:56]} Qxb4 {[%clk 0:10:41]} 29. Rb1 {[%clk 0:14:37]} d2
{[%clk 0:09:29]} 30. Rxb4 {[%clk 0:14:35]} d1=Q+ {[%clk 0:09:49]} 31. Kf2
{[%clk 0:14:49]} 1-0

[Event "Aleksandria Cup"]
[Site "?"]
[Date "2015.07.16"]
[Round "5.17"]
[White "Pourramezanali, Amirreza"]
[Black "Gevorgyan, Maria"]
[Result "1-0"]
[LiveChessVersion "1.3.1"]
[BlackElo "2236"]
[WhiteElo "2441"]

1. d4 {[%clk 1:30:59]} d5 {[%clk 1:30:49]} 2. Nf3 {[%clk 1:31:22]} Nf6
{[%clk 1:31:08]} 3. e3 {[%clk 1:31:47]} c6 {[%clk 1:31:19]} 4. Bd3
{[%clk 1:31:51]} Bg4 {[%clk 1:30:17]} 5. c4 {[%clk 1:31:32]} e6 {[%clk 1:24:58]}
6. Qb3 {[%clk 1:31:56]} Bxf3 {[%clk 1:17:44]} 7. gxf3 {[%clk 1:30:47]} Qc7
{[%clk 1:18:09]} 8. f4 {[%clk 1:29:59]} g6 {[%clk 1:16:38]} 9. Nc3
{[%clk 1:29:45]} Nbd7 {[%clk 1:14:31]} 10. Bd2 {[%clk 1:29:37]} Nb6
{[%clk 1:09:30]} 11. c5 {[%clk 1:26:24]} Nbd7 {[%clk 1:09:14]} 12. Qc2
{[%clk 1:26:31]} Bg7 {[%clk 1:03:41]} 13. b4 {[%clk 1:26:43]} a6 {[%clk 1:04:09]}
14. a4 {[%clk 1:20:04]} O-O {[%clk 0:51:23]} 15. Rb1 {[%clk 1:19:01]} a5
{[%clk 0:49:51]} 16. bxa5 {[%clk 1:09:44]} Rxa5 {[%clk 0:49:10]} 17. O-O
{[%clk 1:09:23]} Nh5 {[%clk 0:43:37]} 18. Rb4 {[%clk 0:44:29]} Kh8
{[%clk 0:26:39]} 19. Rfb1 {[%clk 0:44:24]} Ra7 {[%clk 0:27:05]} 20. Ne2
{[%clk 0:42:40]} Bh6 {[%clk 0:24:40]} 21. Ng3 {[%clk 0:34:54]} Nhf6
{[%clk 0:24:47]} 22. Qb3 {[%clk 0:34:46]} Rb8 {[%clk 0:25:12]} 23. Bc2
{[%clk 0:26:20]} Kg8 {[%clk 0:20:43]} 24. Nf1 {[%clk 0:24:45]} Kh8
{[%clk 0:18:05]} 25. a5 {[%clk 0:20:06]} Qxa5 {[%clk 0:18:11]} 26. Rxb7
{[%clk 0:19:36]} Rbxb7 {[%clk 0:14:53]} 27. Qxb7 {[%clk 0:19:52]} Rxb7
{[%clk 0:14:25]} 28. Bxa5 {[%clk 0:20:21]} Rxb1 {[%clk 0:13:58]} 29. Bxb1
{[%clk 0:20:50]} Nb8 {[%clk 0:10:19]} 30. Bc2 {[%clk 0:21:03]} Nfd7
{[%clk 0:10:36]} 31. Ba4 {[%clk 0:21:14]} f6 {[%clk 0:10:44]} 32. Bc7
{[%clk 0:20:49]} e5 {[%clk 0:10:38]} 33. Nd2 {[%clk 0:19:39]} exd4
{[%clk 0:05:58]} 34. exd4 {[%clk 0:19:57]} Bf8 {[%clk 0:04:50]} 35. Nb3
{[%clk 0:18:48]} Na6 {[%clk 0:03:36]} 36. Bd8 {[%clk 0:17:12]} Nb4
{[%clk 0:02:51]} 37. Na5 {[%clk 0:17:29]} Kg7 {[%clk 0:03:05]} 38. Nxc6
{[%clk 0:17:27]} Nd3 {[%clk 0:02:25]} 39. Bb5 {[%clk 0:14:57]} Nxf4
{[%clk 0:01:38]} 40. Nb4 {[%clk 0:42:56]} Nxc5 {[%clk 0:31:40]} 41. dxc5
{[%clk 0:43:20]} Bxc5 {[%clk 0:32:03]} 42. Nd3 {[%clk 0:43:26]} Nxd3
{[%clk 0:25:12]} 43. Bxd3 {[%clk 0:43:54]} Kf7 {[%clk 0:25:30]} 44. Kg2
{[%clk 0:44:17]} Ke6 {[%clk 0:25:47]} 45. Ba6 {[%clk 0:43:37]} Bd6
{[%clk 0:20:54]} 46. Bc8+ {[%clk 0:43:34]} Kf7 {[%clk 0:19:18]} 47. h3
{[%clk 0:43:47]} Be5 {[%clk 0:19:44]} 48. Kf3 {[%clk 0:44:08]} Bd4
{[%clk 0:18:40]} 49. Ke2 {[%clk 0:43:19]} Be5 {[%clk 0:16:04]} 50. Bb6
{[%clk 0:43:37]} Bh2 {[%clk 0:08:22]} 51. Kd3 {[%clk 0:43:50]} Bg1
{[%clk 0:06:32]} 52. Ke3 {[%clk 0:44:14]} Ke7 {[%clk 0:06:03]} 53. Bc7
{[%clk 0:44:16]} f5 {[%clk 0:01:40]} 54. Kf3 {[%clk 0:44:34]} Kf6
{[%clk 0:01:57]} 55. Kg2 {[%clk 0:44:57]} Bxf2 {[%clk 0:02:23]} 56. Kxf2
{[%clk 0:45:23]} Kg5 {[%clk 0:02:32]} 57. Bb7 {[%clk 0:45:45]} d4
{[%clk 0:02:57]} 58. Ba6 {[%clk 0:45:49]} Kh4 {[%clk 0:03:20]} 59. Kg2
{[%clk 0:45:58]} g5 {[%clk 0:03:18]} 60. Be5 {[%clk 0:46:16]} g4 {[%clk 0:02:55]}
61. hxg4 {[%clk 0:46:37]} fxg4 {[%clk 0:03:17]} 62. Bxd4 {[%clk 0:47:03]} Kg5
{[%clk 0:03:37]} 63. Be3+ {[%clk 0:47:26]} Kh4 {[%clk 0:03:26]} 64. Bd3
{[%clk 0:47:49]} h5 {[%clk 0:03:48]} 65. Bf4 {[%clk 0:48:14]} g3 {[%clk 0:03:51]}
66. Bxg3+ {[%clk 0:48:39]} Kg5 {[%clk 0:04:18]} 67. Kh3 {[%clk 0:49:03]} h4
{[%clk 0:04:40]} 68. Be5 {[%clk 0:49:26]} Kh5 {[%clk 0:05:05]} 69. Bf6
{[%clk 0:49:49]} Kh6 {[%clk 0:05:31]} 70. Bxh4 {[%clk 0:49:49]} Kg7
{[%clk 0:05:21]} 71. Bf5 {[%clk 0:50:09]} Kf7 {[%clk 0:05:47]} 72. Kg4
{[%clk 0:50:31]} Kg7 {[%clk 0:06:13]} 73. Bg5 {[%clk 0:50:55]} Kf7
{[%clk 0:06:38]} 74. Kf4 {[%clk 0:51:18]} Kg7 {[%clk 0:07:03]} 75. Ke5
{[%clk 0:51:43]} Kf7 {[%clk 0:07:30]} 76. Bf6 {[%clk 0:52:06]} Ke8
{[%clk 0:07:54]} 77. Ke6 {[%clk 0:51:57]} Kf8 {[%clk 0:08:21]} 78. Bg6
{[%clk 0:52:21]} Kg8 {[%clk 0:08:48]} 79. Kf5 {[%clk 0:52:45]} Kf8
{[%clk 0:09:15]} 80. Kg5 {[%clk 0:53:11]} Kg8 {[%clk 0:09:41]} 81. Kh6
{[%clk 0:53:36]} Kf8 {[%clk 0:10:07]} 82. Bd8 {[%clk 0:54:00]} Kg8
{[%clk 0:10:31]} 83. Be7 {[%clk 0:54:24]} Kh8 {[%clk 0:10:57]} 84. Be4
{[%clk 0:54:47]} 1-0

[Event "Aleksandria Cup"]
[Site "?"]
[Date "2015.07.16"]
[Round "5.18"]
[White "Khazhomia, Salome"]
[Black "Bernadskiy, Vitaliy"]
[Result "0-1"]
[LiveChessVersion "1.3.1"]
[BlackElo "2548"]
[WhiteElo "2099"]

1. d4 {[%clk 1:30:59]} Nf6 {[%clk 1:30:47]} 2. c4 {[%clk 1:31:24]} g6
{[%clk 1:31:06]} 3. Nc3 {[%clk 1:31:47]} d5 {[%clk 1:31:21]} 4. cxd5
{[%clk 1:32:11]} Nxd5 {[%clk 1:31:47]} 5. Bd2 {[%clk 1:32:34]} Bg7
{[%clk 1:31:26]} 6. e4 {[%clk 1:32:51]} Nb6 {[%clk 1:31:52]} 7. Be3
{[%clk 1:33:11]} O-O {[%clk 1:32:17]} 8. Bb5 {[%clk 1:32:51]} Nc6
{[%clk 1:28:35]} 9. Nf3 {[%clk 1:24:59]} Bg4 {[%clk 1:28:54]} 10. d5
{[%clk 1:18:12]} Ne5 {[%clk 1:27:59]} 11. Be2 {[%clk 1:12:09]} Nxf3+
{[%clk 1:28:17]} 12. gxf3 {[%clk 1:11:19]} Bh3 {[%clk 1:27:21]} 13. Qd2
{[%clk 1:08:51]} e6 {[%clk 1:24:26]} 14. Bh6 {[%clk 1:03:11]} exd5
{[%clk 1:24:21]} 15. Bxg7 {[%clk 1:03:02]} Kxg7 {[%clk 1:24:47]} 16. Qd4+
{[%clk 1:02:12]} Qf6 {[%clk 1:24:23]} 17. Qxf6+ {[%clk 1:02:12]} Kxf6
{[%clk 1:24:50]} 18. exd5 {[%clk 1:02:24]} Rad8 {[%clk 1:24:26]} 19. O-O-O
{[%clk 1:01:45]} Bf5 {[%clk 1:24:17]} 20. b3 Rd6 {[%clk 1:23:14]} 21. Kb2
{[%clk 0:46:39]} Rfd8 22. Ne4+ Bxe4 {[%clk 1:23:18]} 23. fxe4 {[%clk 0:44:05]}
Ke5 {[%clk 1:21:52]} 24. f3 {[%clk 0:36:18]} f5 25. Bc4 {[%clk 0:36:20]} fxe4
{[%clk 1:19:47]} 26. fxe4 Kxe4 {[%clk 1:18:02]} 27. Rhe1+ {[%clk 0:35:54]} Kf5
{[%clk 1:17:00]} 28. h4 Nxd5 {[%clk 1:17:25]} 29. Bxd5 {[%clk 0:29:49]} Rxd5 30.
Rxd5+ {[%clk 0:30:04]} Rxd5 {[%clk 1:17:52]} 31. Re7 {[%clk 0:30:19]} h5
{[%clk 1:15:40]} 32. Rxc7 Kg4 {[%clk 1:09:38]} 33. Rxb7 {[%clk 0:29:19]} Kxh4
{[%clk 1:10:19]} 34. Rxa7 {[%clk 0:29:26]} Kg3 {[%clk 1:10:23]} 35. a4
{[%clk 0:26:30]} h4 {[%clk 1:03:29]} 36. Rc7 Rh5 37. Rc3+ {[%clk 0:22:40]} Kf4
{[%clk 1:03:23]} 38. Rc4+ Ke3 39. Rc3+ {[%clk 0:20:48]} Kd4 {[%clk 1:03:22]} 40.
Rc4+ {[%clk 0:46:59]} Ke5 41. Rc5+ Kd6 {[%clk 1:30:17]} 42. Rc1 {[%clk 0:47:18]}
h3 {[%clk 1:30:05]} 43. Rd1+ Kc6 44. Rh1 {[%clk 0:39:16]} g5 {[%clk 1:23:21]} 45.
Kc3 {[%clk 0:37:22]} g4 {[%clk 1:23:40]} 46. Kd4 {[%clk 0:37:20]} g3
{[%clk 1:23:08]} 47. Ke3 {[%clk 0:36:27]} Kb7 {[%clk 1:23:25]} 48. Kf3
{[%clk 0:36:07]} g2 {[%clk 1:23:43]} 49. Re1 {[%clk 0:36:14]} Rf5+
{[%clk 1:24:07]} 0-1

[Event "Aleksandria Cup"]
[Site "?"]
[Date "2015.07.16"]
[Round "5.19"]
[White "Gharibyan, Mamikon"]
[Black "Hayrapetyan, Artavazd R."]
[Result "0-1"]
[LiveChessVersion "1.3.1"]
[BlackElo "2289"]
[WhiteElo "2036"]

1. d4 {[%clk 1:30:57]} Nf6 {[%clk 1:30:46]} 2. Nf3 {[%clk 1:31:20]} e6
{[%clk 1:31:10]} 3. c4 {[%clk 1:31:44]} d5 {[%clk 1:31:30]} 4. g3
{[%clk 1:31:43]} Be7 {[%clk 1:31:55]} 5. Bg2 {[%clk 1:32:03]} O-O
{[%clk 1:32:19]} 6. O-O {[%clk 1:32:28]} c6 {[%clk 1:32:46]} 7. Qc2
{[%clk 1:31:57]} b6 {[%clk 1:33:07]} 8. Nbd2 {[%clk 1:31:55]} Bb7
{[%clk 1:33:11]} 9. e4 {[%clk 1:31:31]} Nbd7 {[%clk 1:33:36]} 10. e5
{[%clk 1:24:14]} Ne8 {[%clk 1:33:01]} 11. cxd5 {[%clk 1:20:32]} cxd5
{[%clk 1:33:26]} 12. Re1 {[%clk 1:19:43]} Nc7 {[%clk 1:31:46]} 13. Nf1
{[%clk 1:18:26]} Na6 {[%clk 1:30:47]} 14. a3 {[%clk 1:17:20]} Rc8
{[%clk 1:31:12]} 15. Qd3 {[%clk 1:16:19]} Qc7 {[%clk 1:31:19]} 16. Ne3
{[%clk 1:14:02]} Nab8 {[%clk 1:31:43]} 17. Bd2 {[%clk 1:09:57]} Ba6
{[%clk 1:32:00]} 18. Qb3 {[%clk 1:09:58]} Nc6 {[%clk 1:30:28]} 19. Rac1
{[%clk 1:05:50]} Qb7 {[%clk 1:30:24]} 20. Bc3 {[%clk 0:54:16]} Rc7
{[%clk 1:29:37]} 21. Qa2 {[%clk 0:34:14]} Rfc8 {[%clk 1:29:51]} 22. Bd2
{[%clk 0:32:22]} Bd3 {[%clk 1:30:07]} 23. b4 {[%clk 0:28:54]} b5 {[%clk 1:29:39]}
24. Qa1 {[%clk 0:27:28]} Nb6 {[%clk 1:26:17]} 25. h4 {[%clk 0:27:05]} Na4
{[%clk 1:26:25]} 26. Ng4 {[%clk 0:20:19]} Qb6 {[%clk 1:26:26]} 27. Be3
{[%clk 0:20:06]} a5 {[%clk 1:25:59]} 28. bxa5 {[%clk 0:17:03]} Nxa5
{[%clk 1:26:22]} 29. Nd2 {[%clk 0:17:23]} Nc4 {[%clk 1:22:41]} 30. Nxc4
{[%clk 0:17:09]} bxc4 {[%clk 1:23:10]} 31. f4 {[%clk 0:16:36]} Qb3
{[%clk 1:20:09]} 32. Nf2 {[%clk 0:15:38]} Bxa3 {[%clk 1:15:05]} 33. Nxd3 Qxd3 34.
Rcd1 {[%clk 0:14:24]} Qb3 {[%clk 1:15:37]} 35. Bc1 {[%clk 0:13:16]} Nb2
{[%clk 1:15:05]} 36. Rd2 c3 {[%clk 1:12:12]} 37. Rde2 {[%clk 0:12:13]} Ra7
{[%clk 1:11:43]} 0-1

[Event "Aleksandria Cup"]
[Site "?"]
[Date "2015.07.16"]
[Round "5.20"]
[White "Vakhania, Alexandra"]
[Black "Karayev, Kanan"]
[Result "1-0"]
[LiveChessVersion "1.3.1"]
[BlackElo "1969"]
[WhiteElo "2178"]

1. g3 {[%clk 1:30:44]} g6 {[%clk 1:29:52]} 2. Bg2 {[%clk 1:31:06]} Bg7
{[%clk 1:30:15]} 3. c4 {[%clk 1:31:27]} d6 {[%clk 1:28:06]} 4. Nc3
{[%clk 1:31:48]} e5 {[%clk 1:26:30]} 5. d3 {[%clk 1:28:22]} Nf6 {[%clk 1:25:28]}
6. e4 {[%clk 1:27:48]} O-O {[%clk 1:23:18]} 7. Nge2 {[%clk 1:28:15]} c6
{[%clk 1:20:11]} 8. O-O {[%clk 1:26:49]} Be6 {[%clk 1:19:16]} 9. h3
{[%clk 1:26:16]} Qd7 {[%clk 1:17:11]} 10. Kh2 {[%clk 1:25:41]} d5
{[%clk 1:15:41]} 11. b3 {[%clk 1:08:42]} dxc4 {[%clk 1:12:33]} 12. dxc4
{[%clk 1:05:45]} Na6 {[%clk 1:10:59]} 13. Ba3 {[%clk 1:00:42]} Qxd1
{[%clk 1:08:32]} 14. Raxd1 {[%clk 1:00:53]} Rfd8 {[%clk 1:08:54]} 15. f4
{[%clk 0:59:54]} Rxd1 {[%clk 1:08:04]} 16. Rxd1 {[%clk 0:59:57]} Nd7
{[%clk 1:07:43]} 17. Bd6 {[%clk 0:58:58]} Bf8 {[%clk 1:06:21]} 18. g4
{[%clk 0:51:13]} exf4 {[%clk 1:04:35]} 19. Nxf4 {[%clk 0:50:46]} Bg7
{[%clk 1:02:26]} 20. Nxe6 {[%clk 0:47:19]} fxe6 {[%clk 0:57:46]} 21. e5
{[%clk 0:47:18]} Nxe5 {[%clk 0:57:10]} 22. Ne4 {[%clk 0:46:11]} Rd8
{[%clk 0:51:51]} 23. Rf1 {[%clk 0:46:34]} Nf7 {[%clk 0:49:52]} 24. Be7
{[%clk 0:45:51]} Rd3 {[%clk 0:49:11]} 25. g5 {[%clk 0:42:07]} Rd7
{[%clk 0:44:33]} 26. Nf6+ {[%clk 0:38:11]} Bxf6 {[%clk 0:44:58]} 27. Bxf6
{[%clk 0:36:30]} Nb4 {[%clk 0:44:23]} 28. Rf2 {[%clk 0:34:24]} Nd3
{[%clk 0:39:22]} 29. Rd2 {[%clk 0:33:33]} e5 {[%clk 0:38:02]} 30. h4
{[%clk 0:33:56]} Rd4 {[%clk 0:36:39]} 31. Kg3 {[%clk 0:31:53]} Nd6
{[%clk 0:36:08]} 32. Kh2 {[%clk 0:22:27]} Rxh4+ {[%clk 0:34:59]} 33. Kg1
{[%clk 0:22:53]} Nf5 {[%clk 0:32:47]} 34. Rxd3 {[%clk 0:23:06]} Rg4
{[%clk 0:32:22]} 35. Kf2 {[%clk 0:19:37]} e4 {[%clk 0:32:00]} 36. Rd8+
{[%clk 0:19:34]} Kf7 {[%clk 0:32:29]} 37. Bh3 {[%clk 0:19:40]} Rf4+
{[%clk 0:32:35]} 38. Ke1 {[%clk 0:19:31]} Ng3 {[%clk 0:32:44]} 39. Rd7+
{[%clk 0:19:50]} Ke8 {[%clk 0:32:17]} 40. Rxb7 {[%clk 0:50:05]} Rf3
{[%clk 1:01:03]} 41. Be6 {[%clk 0:48:50]} Rf1+ {[%clk 1:01:29]} 42. Kd2
{[%clk 0:49:15]} e3+ {[%clk 1:01:57]} 43. Kxe3 {[%clk 0:49:24]} Re1+
{[%clk 1:02:24]} 44. Ke4 1-0

[Event "Aleksandria Cup"]
[Site "?"]
[Date "2015.07.17"]
[Round "6.1"]
[White "Maghalashvili, Davit"]
[Black "Baghdasaryen, Vahe"]
[Result "1/2-1/2"]
[LiveChessVersion "1.3.1"]
[BlackElo "2401"]
[WhiteElo "2515"]

1. Nf3 d5 {[%clk 1:24:48]} 2. g3 {[%clk 1:31:20]} Nc6 {[%clk 1:25:12]} 3. d4
{[%clk 1:28:24]} Bg4 {[%clk 1:25:36]} 4. Bg2 {[%clk 1:28:19]} Qd7
{[%clk 1:25:57]} 5. O-O {[%clk 1:24:47]} O-O-O {[%clk 1:26:00]} 6. b4
{[%clk 1:14:17]} Bxf3 {[%clk 1:19:25]} 7. Bxf3 {[%clk 1:11:17]} Nxb4
{[%clk 1:11:00]} 8. c3 {[%clk 1:05:36]} Nc6 {[%clk 0:59:15]} 9. Nd2
{[%clk 1:02:47]} e5 10. e3 {[%clk 1:02:47]} Nf6 {[%clk 0:44:49]} 11. Rb1
{[%clk 1:02:59]} h5 {[%clk 0:45:12]} 12. Qb3 {[%clk 1:00:39]} Na5
{[%clk 0:36:16]} 13. Qc2 {[%clk 0:57:42]} e4 {[%clk 0:24:55]} 14. Bg2
{[%clk 0:57:40]} h4 {[%clk 0:25:00]} 15. c4 {[%clk 0:57:15]} hxg3
{[%clk 0:25:26]} 16. hxg3 {[%clk 0:57:25]} Ng4 {[%clk 0:25:53]} 17. cxd5
{[%clk 0:56:32]} f5 {[%clk 0:26:17]} 18. Nxe4 {[%clk 0:52:16]} fxe4
{[%clk 0:06:45]} 19. Bd2 Qf7 {[%clk 0:07:14]} 20. Bxa5 {[%clk 0:37:06]} Bd6
{[%clk 0:06:44]} 21. Rfc1 {[%clk 0:09:35]} Rh2 {[%clk 0:06:04]} 22. Bxc7
{[%clk 0:09:43]} Bxc7 {[%clk 0:01:31]} 23. Qe2 Qh5 24. Rxc7+ {[%clk 0:08:49]}
Kxc7 {[%clk 0:02:00]} 25. Rxb7+ {[%clk 0:09:23]} Kc8 26. Qc4+ 1/2-1/2

[Event "Aleksandria Cup"]
[Site "?"]
[Date "2015.07.17"]
[Round "6.3"]
[White "Azaladze, Shota"]
[Black "Shahinyan, David"]
[Result "1-0"]
[LiveChessVersion "1.3.1"]
[BlackElo "2451"]
[WhiteElo "2488"]

1. Nf3 {[%clk 1:28:38]} d5 {[%clk 1:30:33]} 2. g3 {[%clk 1:27:40]} e6
{[%clk 1:29:36]} 3. Bg2 {[%clk 1:28:03]} Nf6 {[%clk 1:29:55]} 4. O-O
{[%clk 1:27:38]} Be7 {[%clk 1:29:57]} 5. d3 {[%clk 1:22:30]} O-O {[%clk 1:29:25]}
6. Nbd2 {[%clk 1:22:56]} c5 {[%clk 1:28:03]} 7. e4 {[%clk 1:23:24]} Nc6
{[%clk 1:28:26]} 8. e5 {[%clk 1:21:30]} Nd7 {[%clk 1:26:33]} 9. Re1
{[%clk 1:20:01]} b5 {[%clk 1:25:47]} 10. h4 {[%clk 1:12:16]} a5 {[%clk 1:23:19]}
11. Nf1 {[%clk 1:12:30]} b4 {[%clk 1:23:33]} 12. N1h2 {[%clk 1:12:41]} a4
{[%clk 1:23:01]} 13. a3 {[%clk 1:13:07]} bxa3 {[%clk 1:21:28]} 14. bxa3
{[%clk 1:13:32]} Re8 {[%clk 1:13:35]} 15. Ng4 {[%clk 1:12:28]} Nd4
{[%clk 1:11:00]} 16. Nxd4 {[%clk 1:06:55]} cxd4 {[%clk 1:11:24]} 17. Bf4
{[%clk 1:05:19]} Ba6 {[%clk 1:04:13]} 18. h5 {[%clk 0:59:33]} Rc8
{[%clk 1:01:37]} 19. Bd2 {[%clk 0:54:45]} Rc6 {[%clk 0:55:11]} 20. Ra2
{[%clk 0:52:21]} Qc7 {[%clk 0:52:44]} 21. Bb4 {[%clk 0:44:33]} Bxb4
{[%clk 0:48:02]} 22. axb4 {[%clk 0:44:27]} Bb5 {[%clk 0:42:33]} 23. h6
{[%clk 0:42:07]} g6 {[%clk 0:40:34]} 24. Qd2 {[%clk 0:31:06]} Rc8
{[%clk 0:27:09]} 25. Re2 {[%clk 0:30:08]} Ra6 {[%clk 0:18:44]} 26. Qg5
{[%clk 0:26:08]} Kf8 {[%clk 0:18:54]} 27. Qf4 {[%clk 0:14:50]} Qc3
{[%clk 0:13:14]} 28. Bxd5 {[%clk 0:12:56]} Qxb4 {[%clk 0:13:12]} 29. c4
{[%clk 0:12:48]} Qb1+ {[%clk 0:04:27]} 30. Kg2 {[%clk 0:13:04]} Bc6
{[%clk 0:02:46]} 31. Bxc6 {[%clk 0:12:43]} Raxc6 {[%clk 0:03:02]} 32. Qxd4
{[%clk 0:11:51]} Nc5 {[%clk 0:03:32]} 33. Nf6 {[%clk 0:09:58]} Qxd3
{[%clk 0:03:33]} 34. Nxh7+ {[%clk 0:09:52]} Kg8 {[%clk 0:04:01]} 35. Nf6+
{[%clk 0:10:13]} Kh8 {[%clk 0:04:31]} 36. Qxd3 {[%clk 0:10:09]} Nxd3
{[%clk 0:04:57]} 37. Rxa4 {[%clk 0:10:17]} Rxc4 {[%clk 0:03:56]} 38. Rxc4
{[%clk 0:09:52]} Rxc4 {[%clk 0:03:55]} 39. Rd2 {[%clk 0:09:27]} Rd4
{[%clk 0:04:19]} 40. Kf1 {[%clk 0:39:25]} Rd8 {[%clk 0:34:04]} 41. Rd1
{[%clk 0:32:57]} g5 {[%clk 0:33:44]} 42. Ke2 {[%clk 0:32:42]} g4 {[%clk 0:34:03]}
43. h7 {[%clk 0:32:30]} 1-0